Представление документа в формате MARC21

ПолеНазваниеЗначение
  Тип записи a
  Библиографический уровень m
001 Контрольный номер RU\infra-m\znanium\bibl\2212374
005 Дата корректировки 20260429142351.1
008 Кодируемые данные 250729s2025 RU g rus u
020 Индекс ISBN __
a ISBN 978-5-16-019157-7
020 Индекс ISBN __
a ISBN 978-5-16-111910-5 (электр. издание)
040 Источник каталогиз. __
a Служба первич. каталог. Общество с ограниченной ответственностью «ЗНАНИУМ»
041 Код языка издания __
a Код языка текста rus
044 Код страны публикации __
a Код страны публикации RU
080 Индекс УДК __
a Индекс УДК 621(075.8)
084 Индекс другой классификации/Индекс ББК __
2 Источник индекса rubbk
a Индекс другой классификации/Индекс ББК 30.82я73
084 Индекс другой классификации/Индекс ББК __
2 Источник индекса okso
a Индекс другой классификации/Индекс ББК 21.03.01
084 Индекс другой классификации/Индекс ББК __
2 Источник индекса okso
a Индекс другой классификации/Индекс ББК 21.04.01
100 Автор __
a Автор Поляков В. А.
q Полное имя Поляков Вадим Алексеевич
u Дополнение Российский государственный университет нефти и газа (НИУ) им. И.М. Губкина
245 Заглавие __
a Заглавие Основы технической диагностики
b Продолж. заглавия Учебное пособие
c Ответственность Российский государственный университет нефти и газа (НИУ) им. И.М. Губкина
250 Сведения об издании __
a Основные сведения об издании 1
260 Выходные данные __
a Место издания Москва
b Издательство ООО "Научно-издательский центр ИНФРА-М"
c Дата издания 2026
300 Физическое описание __
a Объем 118 с.
440 Серия __
a Серия Высшее образование
520 Аннотация __
a Аннотация В учебном пособии на базе лекций прочитанных автором в РГУ нефти и газа имени И.М. Губкина рассмотрены основы технической диагностики. В нем представлены проблемы формирования основных принципов технической диагностики приведена номенклатура измеряемых параметров рассмотрено нормирование как оценка технического состояния и дана оценка проблемам изменения технического состояния. Соответствует требованиям федеральных государственных образовательных стандартов высшего образования последнего поколения. Полезно не только студентам обучающимся по соответствующим специальностям технической диагностики но и студентам всех технических специальностей.
521 Примеч. о цел. назн. __
a Примеч. о целев. назн. ВО - Бакалавриат
650 Тематические рубрики __
a Основная рубрика Общетехнические дисциплины
x Основная подрубрика Теория надежности. Техническая диагностика
655 Указ. предметных рубрик (устаревшее) __
a Жанр/ форма (устаревшее) Учебное пособие
856 Электронный адрес документа 4_
a Имя сервера/домена znanium.ru
m Помощь ebs_support@infra-m.ru
n Местонахождение сервера НИЦ ИНФРА-М
u URL https://znanium.ru/catalog/document?id=467859
856 Электронный адрес документа 48
a Имя сервера/домена znanium.ru
d Путь /cover/2212
f Электронное имя 2212374.jpg
q Тип электронного формата image/jpeg
u URL https://znanium.ru/cover/2212/2212374.jpg
911 __
u 0030=https://znanium.ru/catalog/document?id=467859